Normal view
MARC view
- Comey, James B.,
Entry Personal Name
001 - CONTROL NUMBER
- control field: 97573
003 - CONTROL NUMBER IDENTIFIER
- control field: NUST
005 - DATE AND TIME OF LATEST TRANSACTION
- control field: 20220817101944.0
008 - FIXED-LENGTH DATA ELEMENTS
- fixed length control field: 220817|| aca||aabn | a|a d
040 ## - CATALOGING SOURCE
- Original cataloging agency: NUST
- Transcribing agency: NUST
100 ## - HEADING--PERSONAL NAME
- Personal name: Comey, James B.,
- Titles and other words associated with a name: Jr.,
- Dates associated with a name: 1960-
670 ## - SOURCE DATA FOUND
- Source citation: Work cat.: (NUST)0: Comey, James B., Jr., 1960- author., A higher loyalty :
